Central Library OPAC University of Rajshahi

Sociology today : (Record no. 33227)

MARC details
000 -LEADER
fixed length control field 01093nam a22002531 4500
001 - CONTROL NUMBER
control field 33227
003 - CONTROL NUMBER IDENTIFIER
rucl marc code BD-RjUL
005 - DATE AND TIME OF LATEST TRANSACTION
control field 20211209051953.0
008 - FIXED-LENGTH DATA ELEMENTS--GENERAL INFORMATION
fixed length control field 140430s1959 nyua b 101 0 eng
035 ## - SYSTEM CONTROL NUMBER
System control number (BD-RjUL)33318
040 ## - CATALOGING SOURCE
Original cataloging agency DLC
Transcribing agency DLC
Modifying agency BD-RjUL
Language of cataloging eng
041 ## - LANGUAGE CODE
Language code of text/sound track or separate title eng
082 00 - DEWEY DECIMAL CLASSIFICATION NUMBER
Classification number 301.082
Author mark and year SOC 1959
110 2# - MAIN ENTRY--CORPORATE NAME
Corporate name or jurisdiction name as entry element American Sociological Association.
9 (RLIN) 140620
245 10 - TITLE STATEMENT
Title Sociology today :
Statement of responsibility, etc. Edited by Robert K. Merton, Leonard Broom [and] Leonard S. Cottrell, Jr., under the auspices of the American Sociological Society.
Remainder of title problems and prospects /
260 ## - PUBLICATION, DISTRIBUTION, ETC. (IMPRINT)
Place of publication, distribution, etc. New York :
Name of publisher, distributor, etc. Basic Books,
Date of publication, distribution, etc. c1959.
300 ## - PHYSICAL DESCRIPTION
Pagination xxxiv, 623 p. :
Illustrations ill., diagrs., tables. ;
Size 24 cm.
500 ## - GENERAL NOTE
General note "Papers ... [prepared] for the annual meeting of the American Sociological Society in 1957 ... [edited by the] editorial board composed of the president of the society and the editors of its two journals."
504 ## - BIBLIOGRAPHY, ETC. NOTE
Bibliography, etc Includes bibliographical references and index.
650 #0 - SUBJECT ADDED ENTRY--TOPICAL TERM
Topical term or geographic name as entry element Sociology.
9 (RLIN) 100907
700 1# - ADDED ENTRY--PERSONAL NAME
Personal name Merton, Robert King
Dates associated with a name 1910-2003,
Relator term ed.
942 ## - ADDED ENTRY ELEMENTS (KOHA)
Source of classification or shelving scheme Dewey Decimal Classification
Koha item type Books
Holdings
Lost status Source of classification or shelving scheme Damaged status Not for loan Collection code Permanent Location Current Location Shelving location Date acquired Source of acquisition Cost, normal purchase price Total Checkouts Full call number Date last seen Copy number Koha item type
  Dewey Decimal Classification     Non-fiction Central Library, University of Rajshahi Central Library, University of Rajshahi   24/05/1965 The Author 0.00   301.082 SOC 1959 30/04/2014 C-4 Books
  Dewey Decimal Classification     Non-fiction Central Library, University of Rajshahi Central Library, University of Rajshahi   26/10/1964 Mizra book agency 37.50   301.082 SOC 1959 30/07/2016 C-3 Books
  Dewey Decimal Classification   Not For Loan Non-fiction Central Library, University of Rajshahi Central Library, University of Rajshahi Reading Room 02/02/1963 Mirza book,Agency 37.50   301.082 SOC 1959 12/12/2016 C-1 Books